| 000 | 00609 a2200193 4500 | ||
|---|---|---|---|
| 999 |
_c183140 _d183140 |
||
| 005 | 20211217131112.0 | ||
| 010 | _aENG-130393 | ||
| 020 |
_a978-93-91211-26-4 _c1495.00 |
||
| 035 | _aEN-113925 | ||
| 037 | _bDBAD/PUB | ||
| 082 |
_a297.14 _b1 |
||
| 100 | _aMulla, Dinshaw Fardunji | ||
| 245 |
_aPrinciples of Mahomedan law: _cDinshaw Fardunji Mulla |
||
| 250 | _a23th Edition | ||
| 260 |
_aHaryana _bLexis Nexis _c2021 |
||
| 270 |
_a14th floor Building No 10, Tower-B,DLF Cyber City, Phase-II _bGurgaon _e122002 |
||
| 300 |
_acii,872p. _c24cm (pbk) |
||
| 942 |
_adpl _cEN _2ddc _h297.14 _mMUL |
||